000
00307nam a22001097a 4500
008
230720b |||||||| |||| 00| 0 eng d
022
_a
0007-0343
040
_a
National Science Library
_c
National Science Library
245
_a
British book news
260
_b
London:
_c
The British Council
942
_c
CR
_2
udc
999
_c
53689
_d
53689